000
00278nam a2200121Ia 4500
008
231129s1968||||xx |||||||||||||| ||spa||
040
_b
spa
082
_a
235.2 V648
245
0
_a
Vida de los Santos de Butler
260
_c
1968
264
_a
México : Clute
942
_2
ddc
_c
BKS
999
_c
26265
_d
26265